000
00258 a2200097 4500
001
125491
040
_c
Escola Canadense de Niteroi
100
_a
Vasconcellos, Maria José Esteves De
245
1
0
_a
Terapia Familiar Sistêmica - Bases Cibernéticas
942
_c
BK
999
_c
125491
_d
125491